000 00629nam a22001937a 4500
005 20250710125410.0
010 _aENG-139108 ENG-145897
020 _a9788194846857
_c999.00
035 _aEN-122640
035 _aEN-129429
037 _bDBAD/PUB
082 _a320.5310954
100 _aHarsharan singh
_982896
245 _aNaxalism great hindrance to national development/
_cBy Harsharan singh
260 _aNew delhi
_bJawahar publisher & distributors
_c2022
270 _bNew delhi
_a46,Samachar Apartment, mayur vihar-I
_e110091
300 _a264p.
_c9cm(pbk)
942 _2ddc
_cEN
_mHAR
_h320.5310954
999 _c200524
_d200524